Farmacia nueva (Record no. 859)

MARC details
000 -LEADER
campo de control de longitud fija 00692nas a2200241 i 4500
001 - NÚMERO DE CONTROL
campo de control 859
003 - IDENTIFICADOR DE NÚMERO DE CONTROL
campo de control ES-MaACL
005 - FECHA Y HORA DE LA ÚLTIMA TRANSACCIÓN
campo de control 20250217133951.0
007 - CAMPO FIJO DE DESCRIPCIÓN FÍSICA--INFORMACIÓN GENERAL
campo de control de longitud fija t|
008 - DATOS DE LONGITUD FIJA--INFORMACIÓN GENERAL
campo de control de longitud fija 950801d19331982sp | | 1 ||pa d
022 ## - NÚMERO INTERNACIONAL NORMALIZADO PARA PUBLICACIONES SERIADAS
Número Internacional Normalizado para Publicaciones Seriadas 0367-2689
080 ## - NÚMERO DE LA CLASIFICACIÓN DECIMAL UNIVERSAL
Número de la Clasificación Decimal Universal 615
245 00 - MENCIÓN DEL TÍTULO
Título Farmacia nueva
Resto del título : revista científico profesional.
260 ## - PUBLICACIÓN, DISTRIBUCIÓN, ETC.
Lugar de publicación, distribución, etc. Madrid :
Nombre del editor, distribuidor, etc. F. Martínez Orozco,
Fecha de publicación, distribución, etc. 1933-1982.
300 ## - DESCRIPCIÓN FÍSICA
Extensión 3 v. :
Otras características físicas grab. ;
Dimensiones 27 cm.
310 ## - PERIODICIDAD ACTUAL
Periodicidad actual Mensual
362 0# - FECHAS DE PUBLICACIÓN Y/O DESIGNACIÓN SECUENCIAL
Fecha de publicación y/o designación secuencial Año 1, n. 1 (jun. 1933)-año 47, n. 548 (nov./dic. 1982)
650 14 - PUNTO DE ACCESO ADICIONAL DE MATERIA--TÉRMINO DE MATERIA
Término de materia o nombre geográfico como elemento de entrada Farmacología.
9 (RLIN) 12725
700 1# - ENTRADA AGREGADA--NOMBRE PERSONAL
Nombre de persona Labiaga, Ramón,
Término indicativo de función/relación
9 (RLIN) 227542
852 ## - LOCALIZACIÓN
Ubicación ES-MaACL
Número de control de estantería HEM-D-169
Encuadernación Hem-1370
Signatura antigua
866 #0 - MENCIÓN TEXTUAL DE FONDOS--UNIDAD BIBLIOGRÁFICA BÁSICA
Fondos 1946-48.
Holdings
Estatus retirado Estado de pérdida Estado de daño No para préstamo Colección Biblioteca de origen Biblioteca actual Ubicación en estantería Fecha de adquisición Fuente de adquisición Total de préstamos Signatura topográfica completa Código de barras Visto por última vez Precio de reemplazo Tipo de ítem Koha
        Periódicos y Revistas Biblioteca del Ateneo de Madrid Biblioteca del Ateneo de Madrid Depósito 2 17/01/2008     HEM-D-169 1000875 23/02/2023 23/02/2023 Revista